[Event "FRA T II 20102011"]
[Site "FRA"]
[Date "2010.11.13"]
[Round "2.2"]
[White "Nevejans, Eric"]
[Black "Peter, Sebastien"]
[Result "0-1"]
[WhiteElo "2164"]
[BlackElo "2221"]
[PlyCount "72"]
[EventDate "2010.11.13"]
[EventType "team-match"]
[EventRounds "9"]
[EventCountry "FRA"]
[Source "FFE"]
[SourceDate "2010.10.29"]
[BlackTeamCountry "FRA"]

1. d4 e6 2. Nf3 Nf6 3. g3 d5 4. Bg2 Be7 5. O-O O-O 6. c4 dxc4 7. Ne5 Nc6 8.
Nxc6 bxc6 9. Bxc6 Rb8 10. Nc3 Nd5 11. Nxd5 exd5 12. e4 dxe4 13. Bxe4 Bf6 14.
Qc2 Bxd4 15. Bxh7+ Kh8 16. Be4 Bh3 17. Qe2 g6 18. Bg2 Bxg2 19. Kxg2 Qd5+ 20.
Qf3 Qxf3+ 21. Kxf3 c3 22. bxc3 Bxc3 23. Bh6 Bxa1 24. Bxf8 Bd4 25. Ba3 Rb6 26.
Ke4 c5 27. f4 Re6+ 28. Kd5 Re2 29. Bxc5 Bxc5 30. Kxc5 Rxa2 31. h4 Ra3 32. Rg1
Kg7 33. Kb4 Re3 34. Kc5 Ra3 35. Kb4 Rf3 36. Kb5 Kf6 0-1

[Event "FRA T II 20102011"]
[Site "FRA"]
[Date "2010.11.13"]
[Round "2.3"]
[White "Briet, Antoine"]
[Black "Picarda, Laurent"]
[Result "0-1"]
[WhiteElo "2232"]
[BlackElo "2096"]
[PlyCount "98"]
[EventDate "2010.11.13"]
[EventType "team-match"]
[EventRounds "9"]
[EventCountry "FRA"]
[Source "FFE"]
[SourceDate "2010.10.29"]
[BlackTeamCountry "FRA"]

1. e4 c5 2. Nf3 e6 3. d4 cxd4 4. Nxd4 a6 5. Bd3 Qc7 6. O-O Nc6 7. Nxc6 dxc6 8.
f4 Nf6 9. Nd2 h5 10. Qe2 Bd7 11. Nc4 b5 12. Ne5 Bd6 13. Nxd7 Qxd7 14. e5 Bc5+
15. Kh1 Ng4 16. a4 b4 17. Bxa6 Nf2+ 18. Rxf2 Bxf2 19. Bc4 Bc5 20. f5 Qd4 21.
Bg5 exf5 22. e6 f6 23. Rd1 Qe4 24. Qd2 Qd4 25. Qe2 Qe4 26. Qd2 O-O 27. e7+ Qxc4
28. exf8=Q+ Rxf8 29. b3 Qg4 30. Bf4 g5 31. Bc7 Re8 32. h3 Qe4 33. a5 f4 34. Rf1
Qd4 35. Qxd4 Bxd4 36. Rd1 c5 37. Bb6 Re6 38. Kh2 Kf7 39. Rf1 h4 40. Rd1 Re2 41.
a6 Rxc2 42. a7 Ra2 43. Kh1 Ke6 44. Rxd4 cxd4 45. Bxd4 f5 46. Kg1 Kd5 47. Bb6
Ke4 48. Bc5 f3 49. gxf3+ Kxf3 0-1

[Event "FRA T II 20102011"]
[Site "FRA"]
[Date "2010.11.13"]
[Round "2.4"]
[White "Lambert, Adrien"]
[Black "Duchateau, Thomas"]
[Result "1/2-1/2"]
[WhiteElo "2091"]
[BlackElo "2055"]
[PlyCount "47"]
[EventDate "2010.11.13"]
[EventType "team-match"]
[EventRounds "9"]
[EventCountry "FRA"]
[Source "FFE"]
[SourceDate "2010.10.29"]
[BlackTeamCountry "FRA"]

1. e4 c5 2. Nf3 d6 3. d4 cxd4 4. Nxd4 Nf6 5. Nc3 a6 6. g3 e5 7. Nde2 Be7 8. Bg2
O-O 9. O-O Be6 10. h3 b5 11. a3 Nc6 12. Be3 b4 13. Nd5 Rb8 14. axb4 Nxb4 15.
Nxe7+ Qxe7 16. c3 Nc6 17. Rxa6 Qd7 18. b4 Bxh3 19. Bxh3 Qxh3 20. Rxc6 Ng4 21.
Re1 Qh2+ 22. Kf1 Qh3+ 23. Kg1 Qh2+ 24. Kf1 1/2-1/2

[Event "FRA T II 20102011"]
[Site "FRA"]
[Date "2010.11.13"]
[Round "2.5"]
[White "Hoffmann, Regis"]
[Black "Buisson, Michael"]
[Result "0-1"]
[WhiteElo "2115"]
[BlackElo "2088"]
[PlyCount "112"]
[EventDate "2010.11.13"]
[EventType "team-match"]
[EventRounds "9"]
[EventCountry "FRA"]
[Source "FFE"]
[SourceDate "2010.10.29"]
[BlackTeamCountry "FRA"]

1. d4 d5 2. Bg5 Nd7 3. Nf3 c6 4. e3 Ngf6 5. Nbd2 e6 6. Bd3 Bd6 7. e4 dxe4 8.
Nxe4 Be7 9. Ng3 h6 10. Bd2 c5 11. Qe2 Qb6 12. c3 Qxb2 13. O-O Qb6 14. Rfe1 Qc7
15. Nf5 Kf8 16. c4 Bd8 17. Ne3 cxd4 18. Nxd4 Nc5 19. Nb5 Qc6 20. Bb4 a6 21. Nd4
Qc7 22. Rad1 Be7 23. Bc2 b6 24. Qf3 Bb7 25. Qh3 Be4 26. Bxe4 Ncxe4 27. Bxe7+
Qxe7 28. Qf3 Rc8 29. h3 Ng5 30. Qe2 Kg8 31. Rb1 Qc5 32. Nb3 Qc7 33. Rec1 Kh7
34. Qc2+ g6 35. Qb2 Qe7 36. Nd4 Nd7 37. Ne2 Rhd8 38. Ng3 Kg8 39. Ng4 h5 40. Ne3
Rc6 41. Re1 Qf6 42. Qa3 a5 43. Qa4 Rdc8 44. Qc2 Nc5 45. Rb5 Qd4 46. Rd1 Qe5 47.
Rdb1 Qc7 48. h4 Nh7 49. Ne2 Nf6 50. Qb2 Nfd7 51. Nd4 Rd6 52. Nf3 Qd8 53. g3 Ne4
54. Kg2 Qf6 55. Qc2 Nc3 56. c5 Nxb1 0-1

[Event "FRA T II 20102011"]
[Site "FRA"]
[Date "2010.11.13"]
[Round "2.6"]
[White "Saliou, Jean Yves"]
[Black "Groshens, Serge"]
[Result "1/2-1/2"]
[WhiteElo "2006"]
[BlackElo "2004"]
[PlyCount "48"]
[EventDate "2010.11.13"]
[EventType "team-match"]
[EventRounds "9"]
[EventCountry "FRA"]
[Source "FFE"]
[SourceDate "2010.10.29"]
[BlackTeamCountry "FRA"]

1. d4 Nf6 2. c4 e6 3. Nc3 Bb4 4. Nf3 b6 5. g3 Bb7 6. Bg2 O-O 7. O-O d5 8. Ne5
c6 9. Qb3 Be7 10. cxd5 cxd5 11. Bf4 Nc6 12. Nxc6 Bxc6 13. Rfc1 Qd7 14. Qd1 Rac8
15. Rc2 Ne8 16. Rac1 Nd6 17. b3 Nf5 18. Nb1 Nd6 19. Bf1 Bb5 20. f3 Rxc2 21.
Rxc2 Rc8 22. Bd2 Nf5 23. e3 Rxc2 24. Qxc2 Bd6 1/2-1/2

[Event "FRA T II 20102011"]
[Site "FRA"]
[Date "2010.11.13"]
[Round "2.7"]
[White "Labadie, Jean Jacques"]
[Black "Rasse, Charlotte"]
[Result "0-1"]
[WhiteElo "1972"]
[BlackElo "1899"]
[PlyCount "65"]
[EventDate "2010.11.13"]
[EventType "team-match"]
[EventRounds "9"]
[EventCountry "FRA"]
[Source "FFE"]
[SourceDate "2010.10.29"]
[BlackTeamCountry "FRA"]

1. c4 e5 2. Nc3 Nf6 3. g3 d5 4. cxd5 Nxd5 5. Bg2 c6 6. Nf3 Bd6 7. O-O O-O 8. d4
Nxc3 9. bxc3 exd4 10. cxd4 Nd7 11. e4 Re8 12. Qc2 Bf8 13. Be3 g6 14. Rad1 Qe7
15. Nh4 Nf6 16. e5 Nd5 17. Bc1 Be6 18. f4 f5 19. a3 Rac8 20. Nf3 Nb6 21. Ne1
Qf7 22. Rf3 Red8 23. Rc3 Nd5 24. Bxd5 Bxd5 25. Be3 Be7 26. Qb2 Rc7 27. Rdc1 Qe6
28. Nd3 b6 29. Nf2 h6 30. h3 g5 31. Kh2 Kf7 32. Qe2 Qg6 33. Rf1 0-1

[Event "FRA T II 20102011"]
[Site "FRA"]
[Date "2010.11.13"]
[Round "2.8"]
[White "Bulteau, Sarah"]
[Black "Billard, Isabelle"]
[Result "1-0"]
[WhiteElo "1893"]
[BlackElo "1452"]
[PlyCount "95"]
[EventDate "2010.11.13"]
[EventType "team-match"]
[EventRounds "9"]
[EventCountry "FRA"]
[Source "FFE"]
[SourceDate "2010.10.29"]
[BlackTeamCountry "FRA"]

1. e4 e5 2. Nf3 Nc6 3. Nc3 Nf6 4. Bb5 a6 5. Ba4 b5 6. Bb3 Be7 7. O-O O-O 8. Re1
d6 9. h3 h6 10. d4 exd4 11. Nxd4 Na5 12. Bd5 Nxd5 13. Nxd5 c5 14. Nf5 Nc6 15.
Ndxe7+ Nxe7 16. Nxd6 Qb6 17. Nxc8 Raxc8 18. Be3 Qc6 19. Qg4 Rfe8 20. Rad1 Ng6
21. f3 Rcd8 22. Qf5 Rxd1 23. Rxd1 c4 24. Qd7 Rc8 25. Qxc6 Rxc6 26. Rd8+ Kh7 27.
Kf2 Re6 28. Bd2 Ne5 29. Bc3 Nc6 30. Rd7 b4 31. Bd2 Kg6 32. Be3 Ne5 33. Rd4 Nc6
34. Rxc4 f5 35. exf5+ Kxf5 36. Bd2 a5 37. Rc5+ Kf6 38. Be3 Rd6 39. Ke2 a4 40.
Rc4 Ke6 41. Re4+ Kf7 42. Bc5 Re6 43. Ke3 h5 44. Rxe6 Kxe6 45. Ke4 g6 46. f4 h4
47. b3 axb3 48. axb3 1-0

[Event "FRA T II 20102011"]
[Site "FRA"]
[Date "2010.11.13"]
[Round "2.1"]
[White "Spielmann, Alain"]
[Black "Goldenberg, Richard"]
[Result "1-0"]
[WhiteElo "2278"]
[BlackElo "2338"]
[PlyCount "54"]
[EventDate "2010.11.13"]
[EventType "team-match"]
[EventRounds "9"]
[EventCountry "FRA"]
[Source "FFE"]
[SourceDate "2010.10.29"]
[BlackTeamCountry "FRA"]

1. Nf3 g6 2. c4 Bg7 3. d4 d6 4. e4 Nd7 5. Be2 e6 6. Nc3 Ne7 7. Bg5 h6 8. Be3 b6
9. Qd2 Bb7 10. O-O-O a6 11. h4 Nf6 12. Bd3 Ng4 13. Bf4 h5 14. Kb1 O-O 15. Bc2
Nc6 16. Ba4 Na5 17. Qc2 Qb8 18. Nh2 Nxh2 19. Rxh2 Nxc4 20. g4 hxg4 21. h5 b5
22. Bb3 e5 23. dxe5 dxe5 24. Bg3 gxh5 25. Rxh5 Qc8 26. Rg1 Re8 27. Rgh1 Re6 {
suite illisible} 1-0

[Event "FRA T II 20102011"]
[Site "FRA"]
[Date "2010.11.13"]
[Round "2.2"]
[White "Walti, Rolf"]
[Black "Adrian, Claude"]
[Result "1/2-1/2"]
[WhiteElo "2193"]
[BlackElo "2263"]
[PlyCount "40"]
[EventDate "2010.11.13"]
[EventType "team-match"]
[EventRounds "9"]
[EventCountry "FRA"]
[Source "FFE"]
[SourceDate "2010.10.29"]
[BlackTeamCountry "FRA"]

1. b3 c5 2. Bb2 d5 3. e3 Nf6 4. Bb5+ Bd7 5. Qe2 g6 6. f4 Bg7 7. Nf3 O-O 8. Bxd7
Qxd7 9. O-O Nc6 10. Ne5 Qc7 11. Nxc6 Qxc6 12. d3 b5 13. Nd2 a5 14. a4 b4 15.
Be5 Ne8 16. Bxg7 Nxg7 17. g4 Rae8 18. Rf2 e5 19. f5 f6 20. e4 g5 1/2-1/2

[Event "FRA T II 20102011"]
[Site "FRA"]
[Date "2010.11.13"]
[Round "2.4"]
[White "Henry, Lionel"]
[Black "Zienkiewicz, Alexandre"]
[Result "1/2-1/2"]
[WhiteElo "2051"]
[BlackElo "2052"]
[PlyCount "112"]
[EventDate "2010.11.13"]
[EventType "team-match"]
[EventRounds "9"]
[EventCountry "FRA"]
[Source "FFE"]
[SourceDate "2010.10.29"]
[BlackTeamCountry "FRA"]

1. e4 e6 2. d4 d5 3. e5 c5 4. c3 Nc6 5. Nf3 Nge7 6. a3 Nf5 7. b4 cxd4 8. cxd4
Qb6 9. Be3 Nxe3 10. fxe3 Be7 11. Nc3 O-O 12. Bd3 f6 13. exf6 Bxf6 14. O-O Bd7
15. Rc1 Be8 16. Na4 Qd8 17. Nc5 Qe7 18. Qc2 h6 19. b5 Na5 20. Qa4 b6 21. Na6
Bd7 22. Rc7 Rfc8 23. Rfc1 Qd6 24. Qb4 Be7 25. Ne5 Qxe5 26. dxe5 Bxb4 27. axb4
Nb3 28. R1c3 Nd2 29. Rc2 Rxc7 30. Rxc7 Be8 31. Rc2 Ne4 32. Nc7 Rc8 33. Nxe8
Rxe8 34. Rc7 Ng5 35. Bg6 Rf8 36. Re7 Ne4 37. Rxe6 Nd2 38. h4 Nc4 39. Re7 Nxe3
40. Rxa7 Rf1+ 41. Kh2 Ng4+ 42. Kg3 Nxe5 43. Ra8+ Rf8 44. Bh7+ Kf7 45. Rxf8+
Kxf8 46. Kf4 Nc4 47. Bd3 Ke7 48. Kf5 Ne3+ 49. Ke5 Nxg2 50. h5 Kd7 51. Bf5+ Kc7
52. Be6 Ne3 53. Bxd5 Nxd5 54. Kxd5 Kd7 55. Ke5 Ke7 56. Kd5 Kd7 1/2-1/2

[Event "FRA T II 20102011"]
[Site "FRA"]
[Date "2010.11.13"]
[Round "2.5"]
[White "Civit, Pierre"]
[Black "Tisserand, Daniel"]
[Result "0-1"]
[WhiteElo "1883"]
[BlackElo "2050"]
[PlyCount "72"]
[EventDate "2010.11.13"]
[EventType "team-match"]
[EventRounds "9"]
[EventCountry "FRA"]
[Source "FFE"]
[SourceDate "2010.10.29"]
[BlackTeamCountry "FRA"]

1. c4 d6 2. d4 e5 3. e3 Nd7 4. Nc3 Ngf6 5. g3 c6 6. Bg2 Be7 7. Nge2 O-O 8. b3
Re8 9. O-O Bf8 10. Qc2 Qe7 11. e4 g6 12. Ba3 Qd8 13. Rfd1 Qc7 14. Rab1 a5 15.
d5 Nb8 16. dxc6 bxc6 17. Rd2 Na6 18. Rbd1 Nb4 19. Qb1 Be6 20. Na4 Red8 21. Nec3
Bh6 22. Re2 Qa7 23. Kh1 Bg4 24. f3 Be6 25. Bc1 Bxc1 26. Qxc1 Rd7 27. Red2 Rad8
28. f4 Ng4 29. a3 Na6 30. Qb2 Nc5 31. Nxc5 Qxc5 32. fxe5 dxe5 33. Rxd7 Rxd7 34.
Rf1 Qe3 35. Bf3 Rd2 36. Nd1 Rxb2 0-1

[Event "FRA T II 20102011"]
[Site "FRA"]
[Date "2010.11.13"]
[Round "2.8"]
[White "Fyl, Oryssia"]
[Black "Saliou, Sarah"]
[Result "1-0"]
[WhiteElo "1610"]
[BlackElo "1530"]
[PlyCount "87"]
[EventDate "2010.11.13"]
[EventType "team-match"]
[EventRounds "9"]
[EventCountry "FRA"]
[Source "FFE"]
[SourceDate "2010.10.29"]
[BlackTeamCountry "FRA"]

1. d4 d5 2. c4 e5 3. e3 exd4 4. exd4 Nc6 5. Be3 Nf6 6. Nc3 Bf5 7. Nf3 Be7 8.
cxd5 Nb4 9. Qa4+ Qd7 10. Qxd7+ Bxd7 11. O-O-O Nfxd5 12. Nxd5 Nxd5 13. Bc4 Nb6
14. Bb3 O-O 15. a3 Bf5 16. h3 Rad8 17. Rhe1 Bf6 18. g4 Be4 19. Ng1 Rd6 20. Rd2
Rfd8 21. Bf4 Rc6+ 22. Kd1 Bd5 23. Bxd5 Nxd5 24. Be5 Bg5 25. Rd3 Re6 26. Nf3 Bf6
27. g5 Bxe5 28. dxe5 c6 29. Kc2 Rde8 30. Re4 f6 31. gxf6 Nxf6 32. Rb4 b5 33. a4
a5 34. Rbd4 b4 35. Rd6 Nd5 36. Rxe6 Rxe6 37. Nd4 Rxe5 38. Nxc6 Rg5 39. Nxa5 Nf4
40. Rf3 Nxh3 41. Nc6 Rc5+ 42. Kb3 Rg5 43. Ne7+ Kh8 44. Rf8# 1-0

[Event "FRA T II 20102011"]
[Site "FRA"]
[Date "2010.11.14"]
[Round "3.1"]
[White "Belkhodja, Slim"]
[Black "Goldenberg, Richard"]
[Result "1-0"]
[WhiteElo "2448"]
[BlackElo "2338"]
[PlyCount "61"]
[EventDate "2010.11.13"]
[EventType "team-match"]
[EventRounds "9"]
[EventCountry "FRA"]
[Source "FFE"]
[SourceDate "2010.10.29"]
[BlackTeamCountry "FRA"]

1. e4 g6 2. d4 Bg7 3. c3 d6 4. Bd3 Nd7 5. f4 e6 6. Nf3 Ne7 7. O-O O-O 8. Be3 b6
9. Nbd2 Bb7 10. Qe2 Nf6 11. h3 Qd7 12. a4 a6 13. Kh2 h6 14. g4 d5 15. e5 Ne4
16. Nh4 f6 17. exf6 Bxf6 18. Nhf3 Qd6 19. Ne5 g5 20. Ndf3 Bg7 21. fxg5 hxg5 22.
Kg2 Bf6 23. Qe1 c5 24. Bg1 Bxe5 25. Nxe5 Rxf1 26. Qxf1 Rf8 27. Qc1 Ng6 28. Bh2
Rf2+ 29. Kg1 Rxh2 30. Bxe4 Nxe5 31. Qxg5+ 1-0

[Event "FRA T II 20102011"]
[Site "FRA"]
[Date "2010.11.14"]
[Round "3.2"]
[White "Walti, Rolf"]
[Black "Manescu, Tiberiu"]
[Result "1/2-1/2"]
[WhiteElo "2193"]
[BlackElo "2396"]
[PlyCount "55"]
[EventDate "2010.11.13"]
[EventType "team-match"]
[EventRounds "9"]
[EventCountry "FRA"]
[Source "FFE"]
[SourceDate "2010.10.29"]
[BlackTeamCountry "FRA"]

1. b3 Nf6 2. Bb2 d6 3. e3 e5 4. c4 Be7 5. Nf3 c6 6. d4 e4 7. Ng1 d5 8. Qd2 O-O
9. Ba3 Be6 10. Bxe7 Qxe7 11. Nc3 Nbd7 12. cxd5 cxd5 13. Nge2 Rfc8 14. h3 Rc6
15. g3 a6 16. Bg2 b5 17. O-O Nb6 18. Rac1 Rac8 19. Nb1 Qd7 20. Kh2 Ne8 21. Rxc6
Rxc6 22. Rc1 Nd6 23. Rc5 Nb7 24. Rxc6 Qxc6 25. Nf4 g5 26. Ne2 f5 27. f4 exf3
28. Bxf3 {suite illisible} 1/2-1/2

[Event "FRA T II 20102011"]
[Site "FRA"]
[Date "2010.11.14"]
[Round "3.3"]
[White "Mayer, Jean Marc"]
[Black "Franck, Boris"]
[Result "1/2-1/2"]
[WhiteElo "2209"]
[BlackElo "2102"]
[PlyCount "95"]
[EventDate "2010.11.13"]
[EventType "team-match"]
[EventRounds "9"]
[EventCountry "FRA"]
[Source "FFE"]
[SourceDate "2010.10.29"]
[BlackTeamCountry "FRA"]

1. d4 g6 2. c4 Bg7 3. Nc3 d6 4. e4 e5 5. Nf3 exd4 6. Nxd4 Nc6 7. Be3 Nge7 8.
Be2 O-O 9. O-O f5 10. exf5 Nxd4 11. Bxd4 Nxf5 12. Bxg7 Kxg7 13. Qd2 Bd7 14. Bf3
Bc6 15. Bd5 Bxd5 16. cxd5 c5 17. dxc6 bxc6 18. Ne4 d5 19. Nc5 Re8 20. Rfe1 Qf6
21. Rad1 h6 22. h3 Rad8 23. Re2 Re7 24. Rde1 Rde8 25. b4 Qd6 26. g4 Nh4 27.
Qd4+ Kh7 28. Rxe7+ Rxe7 29. Rxe7+ Qxe7 30. Qe3 Qxe3 31. fxe3 Nf3+ 32. Kf2 Ne5
33. Ke2 Kg7 34. e4 dxe4 35. Nxe4 Kf7 36. Ke3 Ke6 37. Kd4 Nd7 38. Nc5+ Nxc5 39.
Kxc5 Kd7 40. b5 cxb5 41. Kxb5 Kc7 42. Ka6 Kb8 43. h4 g5 44. hxg5 hxg5 45. a3
Ka8 46. Kb5 Kb7 47. Kc5 Ka6 48. Kd5 1/2-1/2

[Event "FRA T II 20102011"]
[Site "FRA"]
[Date "2010.11.14"]
[Round "3.4"]
[White "Henry, Lionel"]
[Black "Bentout, Pascal"]
[Result "0-1"]
[WhiteElo "2051"]
[BlackElo "2151"]
[PlyCount "76"]
[EventDate "2010.11.13"]
[EventType "team-match"]
[EventRounds "9"]
[EventCountry "FRA"]
[Source "FFE"]
[SourceDate "2010.10.29"]
[BlackTeamCountry "FRA"]

1. e4 e5 2. f4 Nc6 3. Nf3 f5 4. exf5 e4 5. Ng5 Nf6 6. d3 d5 7. dxe4 dxe4 8.
Qxd8+ Nxd8 9. Nc3 Bb4 10. Bd2 Bxc3 11. Bxc3 Bxf5 12. O-O-O h6 13. Nh3 Nf7 14.
Bb5+ Ke7 15. Rhe1 Nd6 16. Ba4 a5 17. Nf2 Rhd8 18. h3 h5 19. Bb3 h4 20. Bd5 Re8
21. Be5 Nxd5 22. Rxd5 Ke6 23. Rd4 Rad8 24. Bxd6 Rxd6 25. Rxd6+ Kxd6 26. Nd1 Ke6
27. Ne3 Rd8 28. Rd1 Rxd1+ 29. Kxd1 Bg6 30. Kd2 Be8 31. Kc3 Bc6 32. Kd4 b6 33.
Nc4 Kf5 34. Ke3 a4 35. Ne5 Bd5 36. a3 g5 37. Kd4 Be6 38. fxg5 c5+ 0-1

[Event "FRA T II 20102011"]
[Site "FRA"]
[Date "2010.11.14"]
[Round "3.5"]
[White "Kreuscher, Wolfgang"]
[Black "Tisserand, Daniel"]
[Result "1-0"]
[WhiteElo "2034"]
[BlackElo "2050"]
[PlyCount "67"]
[EventDate "2010.11.13"]
[EventType "team-match"]
[EventRounds "9"]
[EventCountry "FRA"]
[Source "FFE"]
[SourceDate "2010.10.29"]
[BlackTeamCountry "FRA"]

1. e4 d6 2. d4 Nf6 3. Nc3 c6 4. f4 Qa5 5. Bd3 e5 6. Nf3 exd4 7. Nxd4 g6 8. h3
Bg7 9. Be3 O-O 10. Qf3 Nbd7 11. O-O Re8 12. Rae1 Nc5 13. Nb3 Nxb3 14. axb3 a6
15. g4 h5 16. g5 Nh7 17. f5 Rf8 18. h4 Be5 19. Bc4 Kg7 20. Qf2 Qd8 21. Bf4 b5
22. Be2 Qe8 23. Rd1 Bd7 24. Rxd6 Bxd6 25. Bxd6 Rg8 26. Qd4+ f6 27. e5 Bxf5 28.
exf6+ Kf7 29. Be7 Qd7 30. Qxd7 Bxd7 31. Bf3 Rge8 32. Re1 Bf5 33. Bxc6 Rac8 34.
Bd5+ 1-0

[Event "FRA T II 20102011"]
[Site "FRA"]
[Date "2010.11.14"]
[Round "3.6"]
[White "Miletic, Branislav"]
[Black "Etienne, Eric"]
[Result "0-1"]
[WhiteElo "2007"]
[BlackElo "2075"]
[PlyCount "54"]
[EventDate "2010.11.13"]
[EventType "team-match"]
[EventRounds "9"]
[EventCountry "FRA"]
[Source "FFE"]
[SourceDate "2010.10.29"]
[BlackTeamCountry "FRA"]

1. d4 d5 2. c4 Nc6 3. Nc3 Nf6 4. Nf3 dxc4 5. e3 e5 6. Bxc4 exd4 7. exd4 Bg4 8.
O-O Be7 9. h3 Bh5 10. g4 Bg6 11. d5 Na5 12. Be2 O-O 13. a3 b6 14. b4 Nb7 15.
Ne5 Bd6 16. Nxg6 fxg6 17. Bg5 Qe7 18. Ba6 Qe5 19. f4 Qxc3 20. Rf3 Bc5+ 21. Kh1
Be3 22. Bxb7 Rae8 23. Bc6 Ne4 24. Ra2 Nxg5 25. fxg5 Rxf3 26. Qxf3 Qe1+ 27. Kh2
Qg1# 0-1

[Event "FRA T II 20102011"]
[Site "FRA"]
[Date "2010.11.14"]
[Round "3.7"]
[White "Dorr, Pascal"]
[Black "Tisserand, Jean Pierre"]
[Result "0-1"]
[WhiteElo "2020"]
[BlackElo "1924"]
[PlyCount "52"]
[EventDate "2010.11.13"]
[EventType "team-match"]
[EventRounds "9"]
[EventCountry "FRA"]
[Source "FFE"]
[SourceDate "2010.10.29"]
[BlackTeamCountry "FRA"]

1. e4 g6 2. d4 Bg7 3. f4 c5 4. d5 d6 5. Nf3 Nf6 6. Nc3 O-O 7. Be2 b5 8. Nd2 b4
9. Ncb1 Nbd7 10. O-O Nb6 11. c4 e6 12. Bd3 exd5 13. exd5 Ba6 14. Qc2 Re8 15.
Nf3 Ng4 16. a3 b3 17. Qxb3 Ne3 18. Bxe3 Rxe3 19. Qc2 Rxd3 20. Qxd3 Bxc4 21. Qe4
Bxf1 22. Kxf1 Qe8 23. Nc3 Bxc3 24. Qxe8+ Rxe8 25. bxc3 Nxd5 26. Rd1 Ne3+ 0-1

[Event "FRA T II 20102011"]
[Site "FRA"]
[Date "2010.11.14"]
[Round "3.1"]
[White "Mohebbi, Jaffar"]
[Black "Esprit, Yohann"]
[Result "1-0"]
[WhiteElo "2318"]
[BlackElo "2230"]
[PlyCount "107"]
[EventDate "2010.11.13"]
[EventType "team-match"]
[EventRounds "9"]
[EventCountry "FRA"]
[Source "FFE"]
[SourceDate "2010.10.29"]
[BlackTeamCountry "FRA"]

1. d4 d6 2. e4 Nf6 3. Nc3 Nbd7 4. Nf3 e5 5. Bc4 Be7 6. O-O O-O 7. h3 c6 8. a4
Qc7 9. dxe5 Nxe5 10. Bb3 h6 11. Nd4 Re8 12. f4 Ned7 13. Re1 Nc5 14. e5 Nh7 15.
Ndb5 cxb5 16. exd6 Qd7 17. dxe7 Qxd1 18. Nxd1 Nxb3 19. cxb3 b4 20. a5 Nf6 21.
Bd2 Be6 22. Bxb4 Nd5 23. Bd6 Rac8 24. Nc3 Nxc3 25. bxc3 Bxb3 26. Bb4 a6 27.
Rab1 Ba4 28. Rb2 f6 29. Rd2 Kf7 30. Kf2 h5 31. f5 Rc4 32. Rd4 Rxd4 33. cxd4 Rc8
34. g4 hxg4 35. hxg4 Bc6 36. Rc1 Bd7 37. Rd1 Ba4 38. Rd3 Bb5 39. Rd2 Bd7 40.
Ke3 Bb5 41. Bc5 Bc6 42. d5 Bd7 43. Kd4 Rh8 44. Re2 g6 45. fxg6+ Kxg6 46. Rb2
Rb8 47. Ba7 Ra8 48. Rxb7 Bxg4 49. Bb8 Kf7 50. Kc5 Bc8 51. Kc6 Ke8 52. d6 Bd7+
53. Rxd7 Rxb8 54. Kc7 1-0

[Event "FRA T II 20102011"]
[Site "FRA"]
[Date "2010.11.14"]
[Round "3.2"]
[White "Nevejans, Eric"]
[Black "Marzolf, Bruno"]
[Result "0-1"]
[WhiteElo "2164"]
[BlackElo "2248"]
[PlyCount "38"]
[EventDate "2010.11.13"]
[EventType "team-match"]
[EventRounds "9"]
[EventCountry "FRA"]
[Source "FFE"]
[SourceDate "2010.10.29"]
[BlackTeamCountry "FRA"]

1. Nf3 Nc6 2. d4 d5 3. Bf4 Bg4 4. Nbd2 e6 5. c3 Bd6 6. Bxd6 cxd6 7. Qb3 Nge7 8.
e3 Rb8 9. Be2 O-O 10. O-O b5 11. Rfc1 f5 12. a4 bxa4 13. Qa3 e5 14. h3 Bh5 15.
g4 fxg4 16. Nh2 g3 17. Bxh5 gxh2+ 18. Kg2 Nf5 19. Kxh2 Qh4 0-1

[Event "FRA T II 20102011"]
[Site "FRA"]
[Date "2010.11.14"]
[Round "3.3"]
[White "Reichstein, Hans Joerg"]
[Black "Picarda, Laurent"]
[Result "1/2-1/2"]
[WhiteElo "2105"]
[BlackElo "2096"]
[PlyCount "73"]
[EventDate "2010.11.13"]
[EventType "team-match"]
[EventRounds "9"]
[EventCountry "FRA"]
[Source "FFE"]
[SourceDate "2010.10.29"]
[BlackTeamCountry "FRA"]

1. e4 c5 2. Nf3 e6 3. d4 cxd4 4. Nxd4 a6 5. Nc3 Qc7 6. Bd3 b5 7. O-O Bb7 8. Qe2
Nf6 9. Bg5 d6 10. Bxf6 gxf6 11. Qh5 Qc5 12. Qxc5 dxc5 13. Nf3 Nd7 14. Rfe1 Rg8
15. a4 b4 16. Nb1 Ne5 17. Nxe5 fxe5 18. Nd2 Bd6 19. Nc4 Bc7 20. Re3 O-O-O 21.
Rg3 Rg6 22. b3 f5 23. f3 Rxg3 24. hxg3 fxe4 25. fxe4 Rg8 26. Rf1 Rg7 27. Rf3
Kd7 28. Kf2 Ke7 29. Ne3 a5 30. Nc4 Bc6 31. Ne3 Be8 32. g4 Bc6 33. Rh3 Be8 34.
Rh6 Bg6 35. Nf5+ exf5 36. gxf5 Kf6 37. fxg6 1/2-1/2

[Event "FRA T II 20102011"]
[Site "FRA"]
[Date "2010.11.14"]
[Round "3.4"]
[White "Buisson, Michael"]
[Black "Engelmann, Herve"]
[Result "0-1"]
[WhiteElo "2088"]
[BlackElo "2029"]
[PlyCount "42"]
[EventDate "2010.11.13"]
[EventType "team-match"]
[EventRounds "9"]
[EventCountry "FRA"]
[Source "FFE"]
[SourceDate "2010.10.29"]
[BlackTeamCountry "FRA"]

1. e4 e5 2. Nf3 Nc6 3. Bc4 Nf6 4. d3 Be7 5. c3 O-O 6. O-O d6 7. b4 h6 8. Qb3 a5
9. b5 a4 10. Qc2 Nb8 11. a3 Bg4 12. Nbd2 Nh5 13. Kh1 Kh8 14. Ng1 Nd7 15. Qa2
Nf4 16. Bxf7 Rxf7 17. f3 Be6 18. Qc2 Nc5 19. d4 exd4 20. cxd4 Nb3 21. Rb1 Nxd4
0-1

[Event "FRA T II 20102011"]
[Site "FRA"]
[Date "2010.11.14"]
[Round "3.6"]
[White "Saliou, Jean Yves"]
[Black "Drakulic, Aleksandar"]
[Result "0-1"]
[WhiteElo "2006"]
[BlackElo "2008"]
[PlyCount "74"]
[EventDate "2010.11.13"]
[EventType "team-match"]
[EventRounds "9"]
[EventCountry "FRA"]
[Source "FFE"]
[SourceDate "2010.10.29"]
[BlackTeamCountry "FRA"]

1. e4 Nc6 2. d4 d5 3. e5 Bf5 4. Nf3 e6 5. c3 a6 6. Nbd2 Be7 7. Be2 Nh6 8. Nf1
Bg6 9. h4 Be4 10. h5 f6 11. exf6 Bxf6 12. Ng3 Nf5 13. Bf4 O-O 14. O-O Nxg3 15.
Bxg3 Ne7 16. Ne5 Nf5 17. Bh2 Bh4 18. g3 Bf6 19. g4 Bxe5 20. dxe5 Nh4 21. f3 Qg5
22. f4 Qe7 23. Bg3 c5 24. Rf2 Rf7 25. Rh2 g5 26. hxg6 Nxg6 27. Qd2 c4 28. Rf1
Raf8 29. Qe3 b5 30. Rff2 a5 31. Rh5 Rg7 32. Kf1 b4 33. Bxc4 bxc3 34. bxc3 Qa3
35. Bb3 Rc7 36. c4 a4 37. Bc2 Qxe3 0-1

[Event "FRA T II 20102011"]
[Site "FRA"]
[Date "2010.11.14"]
[Round "3.7"]
[White "Mostaghacy, Babak"]
[Black "Baumann, Benjamin"]
[Result "0-1"]
[WhiteElo "1790"]
[BlackElo "1967"]
[PlyCount "69"]
[EventDate "2010.11.13"]
[EventType "team-match"]
[EventRounds "9"]
[EventCountry "FRA"]
[Source "FFE"]
[SourceDate "2010.10.29"]
[BlackTeamCountry "FRA"]

1. d4 Nf6 2. Nf3 d6 3. e3 Nbd7 4. Bd3 e5 5. Nbd2 Be7 6. c3 O-O 7. O-O Ne8 8.
Qc2 g6 9. e4 c6 10. dxe5 dxe5 11. Nc4 Qc7 12. Bh6 Ng7 13. Nfd2 Nf6 14. Ne3 Kh8
15. b4 Ng8 16. Bxg7+ Kxg7 17. f3 Be6 18. Kh1 Bg5 19. Ng4 h5 20. Nf2 Rad8 21.
Rad1 Rd7 22. Bc4 Rxd2 23. Rxd2 Bxc4 24. Rfd1 Bxd2 25. Rxd2 Rd8 26. Nd1 Nf6 27.
Ne3 Rxd2 28. Qxd2 Be6 29. h4 Ne8 30. g4 Qd7 31. Qc2 hxg4 32. fxg4 Bxg4 33. Qg2
Bh5 34. Qg3 f6 35. c4 0-1